Famous Germans and Austrians - Statistics

General Stats
  • This quiz has been taken 51 times
  • The average score is 7 of 10
Answer Stats
Picture Answer % Correct
Ludwig van Beethoven
100%
Adolf Hitler
98%
Wolfgang Amadeus Mozart
96%
Bruce Willis
86%
Martin Luther
86%
Heidi Klum
84%
Johann Sebastian Bach
82%
Arnold Schwarzenegger
53%
Diane Kruger
8%
Tia Mowry
2%
No matching quizzes found
Score Distribution
Percent of People with Each Score
Percentile by Number Answered
Your Score History
You have not taken this quiz